| 000 | 00918nam a2200217Ia 4500 | ||
|---|---|---|---|
| 003 | GCL | ||
| 005 | 20240530110200.0 | ||
| 008 | 140319s9999 xx 000 0 ara d | ||
| 040 |
_aGCL / _cGCL |
||
| 082 | 0 | 4 |
_a920.71 / _bح ا |
| 100 | 1 | _aابن حجر العسقلانى : بدر الدين ابو المعالى محمد بن احمد بن على | |
| 245 | 1 | 0 |
_aانباء الغمر بابناء العمر فى التاريخ / _cابن حجر العسقلانى : بدر الدين ابو المعالى محمد بن احمد بن على |
| 260 |
_aبيروت : _bدار الكتب العلمية للنشر والتوزيع ، _c1986 |
||
| 300 |
_aمتعدد ؛ _c24 سم |
||
| 490 |
_aاجمل الحكايات الشعبية _v0 |
||
| 500 | _aالاجزاء من 1 الى 10 | ||
| 650 | 0 | 4 | _aتاريخ |
| 650 | 0 | 4 | _aالتاريخ الاسلامى |
| 650 | 0 | 4 | _aالتراجم |
| 942 |
_2ddc _cREF |
||
| 999 |
_c59236 _d59236 |
||